| 000 | 00635nam a22002057a 4500 | ||
|---|---|---|---|
| 005 | 20251108172548.0 | ||
| 008 | 250721s9999 xx 000 0 ara d | ||
| 082 | 1 | 4 | _a303.625بيو |
| 100 | 1 | _aبيومي، محمد أحمد | |
| 245 | 1 | 0 | _aظاهرة التطرف : الأسباب والعلاج / |
| 264 | 1 |
_aالإسكندرية : _bدار المعرفة الجامعية، |
|
| 300 | _a175 ص | ||
| 650 | 1 | 7 | _aالإرهاب |
| 650 | 1 | 7 | _aالرديكالية |
| 650 | 1 | 7 | _aالتعصب الديني |
| 650 | 1 | 7 | _aالتعصبالسياسي |
| 650 | 1 | 7 | _aالتعصب الأعمى |
| 942 |
_2ddc _cBK |
||
| 999 |
_c82591 _d82591 |
||